000 00869nam a22002531a 4500
003 DO-SdBNP
005 20220704102301.0
007 ta
008 220603b2018 dr a|||| |||| 00| j spa d
020 _a9789945091243
040 _aDO-SdBNP
_bspa
_cBNPHU
082 4 _aRD861.4408
_bS211c
_222
100 _926445
_aSánchez, Federico,
_d1953-
245 1 0 _a40 años de poesía :
_bobras reunidas 1977-2017 /
_cFederico Sánchez
246 _aCuarenta años de poesía :
_bobras reunidas 1977-2017
260 _aSanto Domingo :
_bEl Centenario,
_c2018.
300 _a407 p. :
_bil. ;
_c21 cm.
590 _aInventariado, 2022/BT
590 _aLa biblioteca posee 1 ejemplar autografiado por el autor
650 4 _aPoesía dominicana
_vColecciones
_y1971-2017
_981877
650 4 _aLiteratura dominicana
910 _aValidado. Control de calidad MFF
942 _2ddc
_cLBS1
999 _c51921
_d51921